|
|
|
|
| LEADER |
01032cam a2200241 7i4500 |
| 001 |
0000069731 |
| 005 |
20221102090000.0 |
| 020 |
|
|
|a 9780128220993 (electronic book)
|
| 090 |
0 |
0 |
|a QD411
|b .M48 2021
|
| 245 |
0 |
0 |
|a Metal-organic frameworks for chemical reactions :
|b from organic transformations to energy applications
|c edited by Anish Khan [and six others].
|
| 264 |
|
|
|a Amsterdam, Netherlands:
|b Elsevier,
|c 2021.
|
| 300 |
|
|
|a 1 online resource (xiii, 485 pages):
|b colour illustrations, text file, PDF.
|
| 336 |
|
|
|a text
|2 rdacontent
|
| 337 |
|
|
|a computer
|2 rdamedia
|
| 338 |
|
|
|a online resource
|2 rdacarrier
|
| 650 |
|
0 |
|a Organometallic compounds --
|x Industrial applications
|
| 650 |
|
0 |
|a Organometallic compounds --
|x Reactivity
|
| 655 |
|
0 |
|a Electronic books
|
| 700 |
1 |
|
|a Khan, Anish
|
| 856 |
4 |
2 |
|u http://library.unisel.edu.my/web/guest/mylibrary
|
| 997 |
|
|
|a Engineering & Life Sciences, Faculty
|b Engineering, Department
|
| 998 |
|
|
|a Mechanical Engineering, Degree
|
| 999 |
|
|
|a EBO0013381
|b EBOOK
|c EBOOK
|e Electronic resources
|